| 000 | 00556nam a2200169Ia 4500 | ||
|---|---|---|---|
| 005 | 20250424120322.0 | ||
| 008 | 250424s9999 xx 000 0 und d | ||
| 022 | _a15959015 | ||
| 050 | _aHF 1054.N6 .R39/ | ||
| 245 | 0 | _aRMRDC: a bulletin of the raw materials research and development council | |
| 260 | _aAbuja, Nigeria | ||
| 260 | _bCentre of Islamic Legal Studies, Faculty of Law, Ahmadu Bello University | ||
| 260 | _c2016 | ||
| 300 | _a43 P. :ill. ; 29 cm. | ||
| 650 | _aRaw materials--Nigeria. Manufacturing processes--Nigeria. | ||
| 942 | _cSR | ||
| 999 |
_c38631 _d38631 |
||